000 01305nam a22002657a 4500
005 20170124103158.0
010 _aA-348197
020 _c10.00
035 _aA-348197
037 _bCen Lib/Ret
040 _aDPL
_bHN
082 _a615.52
_bदाशवै
100 _aदाश, वैध भगवान
_990694
245 _aमधुमेह की जड़ी-बूटी-चिकित्सा /
_cवैध भगवान दाश;अनुवादक कुमारी कंचन गुप्ता
246 _aMadhumeh ki jadi-booti-chikitsa /
_bby Vaidh Bhagwaan Dash;anuvadak Kumari Kanchan Gupta
260 _aनई दिल्ली
_bबी. जैन. पब्लिशर्स
_c1987
270 _a1921, चूना मंडी, गली नं. 10
_bनई दिल्ली
_e110055
300 _a90पृ. :
_c17सेमी(सजिल्द)
_bसचित्र
490 _aचिकित्सा-ग्रंथमाला
_v3
650 _aमधुमेह रोग
_91301
650 _aमधुमेह रोग--जड़ी-बूटियों से उपचार
_990695
650 _aDiabetes Disease
_990696
650 _aDiabetes--Herbal remedies
_990697
942 _2ddc
_cHN
_h615.52
_mदाशवै
999 _c120490
_d120490